<?xml version="1.0" encoding="UTF-8"?>
<record
    xmlns:xsi="http://www.w3.org/2001/XMLSchema-instance"
    xsi:schemaLocation="http://www.loc.gov/MARC21/slim http://www.loc.gov/standards/marcxml/schema/MARC21slim.xsd"
    xmlns="http://www.loc.gov/MARC21/slim">

  <leader>01690    a2200205   4500</leader>
  <controlfield tag="001">53830</controlfield>
  <controlfield tag="005">20260407155809.0</controlfield>
  <controlfield tag="008">260407a1972    arg                 spa d</controlfield>
  <controlfield tag="003">AR-UNSa-BCEJYS</controlfield>
  <datafield tag="040" ind1=" " ind2=" ">
    <subfield code="a">AR-UNSa-BCEJYS</subfield>
    <subfield code="b">spa</subfield>
    <subfield code="c">AR-UNSa-BCEJYS</subfield>
  </datafield>
  <datafield tag="080" ind1=" " ind2=" ">
    <subfield code="a">330.342.172</subfield>
    <subfield code="x">Econom&#xED;a libre. Laissez-faire (Econom&#xED;a de Mercado)</subfield>
  </datafield>
  <datafield tag="245" ind1="1" ind2="0">
    <subfield code="a">Planificaci&#xF3;n central en una econom&#xED;a de mercado</subfield>
  </datafield>
  <datafield tag="264" ind1=" " ind2="1">
    <subfield code="a">Barcelona :</subfield>
    <subfield code="b">Ariel</subfield>
    <subfield code="c">1972</subfield>
  </datafield>
  <datafield tag="300" ind1=" " ind2=" ">
    <subfield code="a">286 p.</subfield>
    <subfield code="c">19 cm.</subfield>
  </datafield>
  <datafield tag="505" ind1=" " ind2=" ">
    <subfield code="a">Primera parte: Un nuevo tipo de planificaci&#xF3;n - I. Introducci&#xF3;n - II. Mecanismos y m&#xE9;todos de planificaci&#xF3;n - III. Los m&#xFA;ltiples aspectos de la planificaci&#xF3;n francesa - IV. Los instrumentos ex&#xF3;genos(1) - V. Los instrumentos ex&#xF3;genos(2) - VI. La l&#xF3;gica del Plan: versi&#xF3;n original - Segunda parte: Resultados de los planes - VII. Comparaci&#xF3;n de las previsiones u objetivos con los resultados(1) - VIII. Comparaci&#xF3;n de las previsiones u objetivos con los resultados(2) - Tercera parte: Cr&#xED;tica de la teor&#xED;a de la planificaci&#xF3;n en la econom&#xED;a de mercado - IX. Principios b&#xE1;sicos de la previsi&#xF3;n colectiva - X. Previsi&#xF3;n centralizada versus previsi&#xF3;n descentralizada - XI. El problema de las participaciones en el mercado - XII. M&#xE9;todos de previsi&#xF3;n y sistemas econ&#xF3;micos comparados - XIII. Previsi&#xF3;n p&#xFA;blica versus previsi&#xF3;n privada - XIV. Sumario de la tercera parte - Cuarta parte: Perspectivas futuras de la planificaci&#xF3;n francesa - XV. La l&#xF3;gica del Plan: nueva orientaci&#xF3;n - XVI. "Capitalismo moderno" - XVII. "Capitalismo cl&#xE1;sico" - XVIII. Algunas conclusiones</subfield>
  </datafield>
  <datafield tag="942" ind1=" " ind2=" ">
    <subfield code="c">BK</subfield>
  </datafield>
  <datafield tag="590" ind1=" " ind2=" ">
    <subfield code="a">niveau_biblio:m niveau_hierar:0</subfield>
  </datafield>
  <datafield tag="100" ind1="1" ind2=" ">
    <subfield code="a">Lutz, Vera</subfield>
  </datafield>
  <datafield tag="700" ind1="1" ind2=" ">
    <subfield code="a">Sanuy, Francisco</subfield>
  </datafield>
  <datafield tag="999" ind1=" " ind2=" ">
    <subfield code="c">5254</subfield>
    <subfield code="d">5254</subfield>
  </datafield>
  <datafield tag="952" ind1=" " ind2=" ">
    <subfield code="0">0</subfield>
    <subfield code="1">0</subfield>
    <subfield code="4">0</subfield>
    <subfield code="7">0</subfield>
    <subfield code="a">BCEJYS</subfield>
    <subfield code="b">BCEJYS</subfield>
    <subfield code="c">16</subfield>
    <subfield code="d">2026-04-07</subfield>
    <subfield code="l">0</subfield>
    <subfield code="o">330.342.172 L975</subfield>
    <subfield code="p">L13445</subfield>
    <subfield code="r">2026-04-07 15:58:09</subfield>
    <subfield code="w">2026-04-07</subfield>
    <subfield code="y">L</subfield>
  </datafield>
</record>
